« Retourner aux résultats de recherche
chagrin d'amour peut aider à grandir (Un)
| Auteur principal: | Bruno Humbeeck |
|---|---|
| Support: | Livres |
| Langue: | Francais |
| Genre: |
Documentaire |
| Sujets: | |
| Étiquettes: |
Ajouter
Pas de Tags !
|
| LEADER | 00736nam0a2200193 450 | ||
|---|---|---|---|
| 001 | 16848067 | ||
| 010 | |a 978-2-7381-3032-7 |b br. |d 21,9 | ||
| 100 | |a 20131013d2013 u u0frey01 ba | ||
| 101 | 0 | |a fre | |
| 102 | |a FR | ||
| 200 | 0 | |a chagrin d'amour peut aider à grandir (Un) |f Bruno Humbeeck | |
| 207 | 1 | |a | |
| 215 | |a 1 vol. (238 p.) |d 22 x 15 cm | ||
| 300 | |a Bibliogr. | ||
| 330 | |a Le psychopédagogue présente la rupture amoureuse non plus comme une impasse affective mais comme un jalon essentiel et constructif du développement. | ||
| 700 | 0 | |a Humbeeck |b Bruno |4 70 | |
| 900 | |a Documentaire | ||
| 901 | |a Accessible au prêt | ||
| 995 | |a Bibliothèque |c Bibliothèque |f 00156008819203 |h 00156008819203 |k 152.4 HUM |o p |q a |r az |e Bibliothèque | ||
